| 000 | 00592nam a2200229Ia 4500 | ||
|---|---|---|---|
| 003 | OSt | ||
| 005 | 20220924120329.0 | ||
| 006 | a|||||r|||| 00| 0 | ||
| 007 | ta | ||
| 008 | 220923b |||||||| |||| 00| 0 urd d | ||
| 024 | _a317823 | ||
| 037 | _cTextual | ||
| 040 |
_aARTS _cARTS _burd |
||
| 041 |
_2urd _aurd |
||
| 082 | _aO168,3MAK,1, F1 | ||
| 100 |
_aAkhtar Au. _98447 |
||
| 245 | 0 | _aIntqam | |
| 260 |
_aDelhi _bMatba Yusufi India _c1921 |
||
| 650 |
_aURDU FICTION _93298 |
||
| 942 |
_hO168,3MAK,1, F1 _cTEXL _2CC |
||
| 999 |
_c402313 _d402313 |
||